[Event "4NCL Division 3s"]
[Site "Daventry Court ENG"]
[Date "2014.11.16"]
[Round "2.99"]
[White "Truman, Richard G"]
[Black "Taylor, Robert G"]
[Result "1/2-1/2"]
[WhiteElo "1973"]
[BlackElo "1978"]
[PlyCount "74"]
[EventDate "2014.11.16"]

1. e4 g6 2. d4 Bg7 3. c4 d6 4. Nc3 Nf6 5. f3 O-O 6. Be3 e5 7. d5 Na6 8. Qd2 Ne8
9. Bg5 f6 10. Bh4 c5 11. Nge2 Bd7 12. Nc1 Nac7 13. Bd3 Rb8 14. O-O b5 15. N1e2
Qe7 16. Rab1 bxc4 17. Bxc4 Rb4 18. b3 Na8 19. Bd3 Nec7 20. a3 Rb7 21. b4 cxb4
22. Rxb4 Rfb8 23. Rfb1 Rxb4 24. Rxb4 Rxb4 25. axb4 Qf8 26. Qc2 Qb8 27. Qa2 Kf7
28. Bf2 Nb6 29. Nc1 Bf8 30. Nb3 Be7 31. b5 Nc8 32. Kf1 Na8 33. Qa3 Bd8 34. Na5
Bb6 35. Nc6 Qc7 36. Na4 Bxf2 37. Kxf2 Nab6 1/2-1/2

[Event "4NCL Division 3s"]
[Site "Daventry Court ENG"]
[Date "2014.11.16"]
[Round "2.99"]
[White "Hatchett, Paul D"]
[Black "Flynn, David"]
[Result "1-0"]
[WhiteElo "1984"]
[BlackElo "1891"]
[PlyCount "61"]
[EventDate "2014.11.16"]

1. e4 e5 2. Nc3 Bc5 3. Nf3 Nc6 4. Nxe5 Nxe5 5. d4 Bd6 6. dxe5 Bxe5 7. f4 Qh4+
8. g3 Bxc3+ 9. bxc3 Qf6 10. Qd4 d6 11. Rb1 b6 12. Bb5+ Bd7 13. Bxd7+ Kxd7 14.
e5 Qe6 15. O-O c5 16. Qa4+ Kc7 17. exd6+ Qxd6 18. f5 Kb7 19. Bf4 Qc6 20. Qc4
Rd8 21. Qxf7+ Qd7 22. Qc4 Qd5 23. Qxd5+ Rxd5 24. Rbe1 Nf6 25. Re7+ Rd7 26.
Rxd7+ Nxd7 27. Re1 g6 28. Re7 Kc8 29. fxg6 hxg6 30. Rg7 Re8 31. Rxg6 1-0

[Event "4NCL Division 3s"]
[Site "Daventry Court ENG"]
[Date "2014.11.16"]
[Round "2.99"]
[White "Taylor, Dale C"]
[Black "Wang, Alyssa"]
[Result "1-0"]
[WhiteElo "1942"]
[BlackElo "1658"]
[PlyCount "83"]
[EventDate "2014.11.16"]

1. Nf3 d5 2. c4 c6 3. e3 Nf6 4. Nc3 e6 5. b3 Be7 6. Bb2 O-O 7. Qc2 Nbd7 8. Rg1
b6 9. g4 Nc5 10. d4 Na6 11. g5 Nd7 12. h4 Bb7 13. a3 Rc8 14. Bd3 g6 15. Ne5
Nxe5 16. dxe5 Nc5 17. O-O-O Nxd3+ 18. Qxd3 Qc7 19. f4 Ba6 20. h5 Kg7 21. Qe2
Qb8 22. Qh2 Rh8 23. Kb1 Rcd8 24. cxd5 cxd5 25. h6+ Kf8 26. Ne2 Bc5 27. Nd4 Bxd4
28. Rxd4 Rc8 29. Qd2 Ke8 30. Bc3 Rc6 31. e4 dxe4 32. Rxe4 Bb7 33. Rd4 Rc5 34.
Bb4 Rd5 35. Bd6 Qa8 36. Rc1 Rxd4 37. Qxd4 Be4+ 38. Kb2 Bf5 39. a4 Kd8 40. Bc7+
Ke8 41. Bd6 Kd8 42. Bb8+ 1-0

[Event "4NCL Division 3s"]
[Site "Daventry Court ENG"]
[Date "2014.11.16"]
[Round "2.99"]
[White "Myall, Ivan"]
[Black "Smart, Mike"]
[Result "1/2-1/2"]
[WhiteElo "2048"]
[BlackElo "2018"]
[PlyCount "60"]
[EventDate "2014.11.16"]

1. e4 Nf6 2. e5 Nd5 3. d4 d6 4. c4 Nb6 5. f4 dxe5 6. fxe5 c5 7. d5 e6 8. Nc3
exd5 9. cxd5 c4 10. d6 Qh4+ 11. g3 Qg4 12. Bf4 Qxd1+ 13. Rxd1 Bg4 14. Rd2 Nc6
15. h3 Be6 16. Nf3 h6 17. g4 g5 18. Bg3 a6 19. Nd4 Nxd4 20. Rxd4 Bg7 21. Bg2
O-O-O 22. Nd5 Bxd5 23. Bxd5 Bxe5 24. Bxe5 Rhe8 25. O-O Rxe5 26. Bxf7 Kd7 27.
Bxc4 Nxc4 28. Rxc4 Kxd6 29. Rd4+ Ke7 30. Rxd8 Kxd8 1/2-1/2

[Event "4NCL Division 3s"]
[Site "Daventry Court ENG"]
[Date "2014.11.16"]
[Round "2.99"]
[White "Punnett, Alan"]
[Black "Lemoir, David"]
[Result "1/2-1/2"]
[WhiteElo "2054"]
[BlackElo "2113"]
[PlyCount "30"]
[EventDate "2014.11.16"]

1. e4 e5 2. Nf3 Nc6 3. d4 exd4 4. Nxd4 g6 5. Nc3 Bg7 6. Be3 Nf6 7. Nxc6 bxc6 8.
Bd3 O-O 9. O-O Re8 10. Qd2 d5 11. Bg5 dxe4 12. Bxf6 Bxf6 13. Nxe4 Bxb2 14. Rad1
Bf5 15. f3 Bg7 1/2-1/2

[Event "4NCL Division 3s"]
[Site "Daventry Court ENG"]
[Date "2014.11.16"]
[Round "2.99"]
[White "Hopkins, Phil"]
[Black "Shepley, Julien"]
[Result "0-1"]
[WhiteElo "2011"]
[BlackElo "1954"]
[PlyCount "80"]
[EventDate "2014.11.16"]

1. e4 d6 2. d4 Nf6 3. Nc3 e5 4. dxe5 dxe5 5. Qxd8+ Kxd8 6. Bc4 Be6 7. Bxe6 fxe6
8. Bg5 Bb4 9. O-O-O+ Nbd7 10. Nge2 a6 11. Bh4 Ke7 12. a3 Bxc3 13. Nxc3 h6 14.
f3 b5 15. g4 g5 16. Bf2 Raf8 17. Be3 Ne8 18. Rdf1 Nd6 19. b3 Kf6 20. h4 Kg6 21.
Kd2 Nb8 22. Ke2 Nc6 23. Bc5 Nd4+ 24. Ke3 Nxc2+ 25. Kd3 Nd4 26. Bxd4 exd4 27.
Kxd4 Rd8 28. Ke3 Nf7 29. hxg5 hxg5 30. Rxh8 Rxh8 31. Rd1 Ne5 32. Rf1 Rh3 33.
Nd1 Nxg4+ 34. Kd4 Nh2 35. Rf2 Nxf3+ 36. Kc5 Ne5 37. Kd4 Nd7 38. Ne3 c5+ 39. Kd3
Ne5+ 40. Ke2 Rxe3+ 0-1

[Event "4NCL Division 3s"]
[Site "Daventry Court ENG"]
[Date "2014.11.16"]
[Round "2.99"]
[White "Stimpson, Phil"]
[Black "Wallis, Ian"]
[Result "1/2-1/2"]
[WhiteElo "1993"]
[BlackElo "2004"]
[PlyCount "40"]
[EventDate "2014.11.16"]

1. e4 e5 2. Nf3 Nc6 3. d4 exd4 4. Nxd4 Bc5 5. Be3 Qf6 6. Nb5 Bxe3 7. fxe3 Qh4+
8. g3 Qxe4 9. Nxc7+ Kd8 10. Nxa8 Qxh1 11. Qd6 Nf6 12. Nd2 Ne8 13. Qf4 Qxh2 14.
O-O-O Qh6 15. Ne4 Qxf4 16. exf4 f6 17. Nc5 h5 18. Ne6+ Ke7 19. Nec7 Nxc7 20.
Nxc7 d6 1/2-1/2

[Event "4NCL Division 3s"]
[Site "Daventry Court ENG"]
[Date "2014.11.16"]
[Round "2.99"]
[White "Lamont, Richard"]
[Black "Galer, Seb"]
[Result "0-1"]
[WhiteElo "1951"]
[BlackElo "1849"]
[PlyCount "130"]
[EventDate "2014.11.16"]

1. e4 e5 2. Nf3 Nc6 3. d4 exd4 4. Nxd4 Bc5 5. Nxc6 Qf6 6. Qf3 Qxf3 7. gxf3 dxc6
8. Nd2 Be6 9. Nb3 Bb6 10. c4 a6 11. Bf4 O-O-O 12. h4 Ne7 13. Bh3 Bxh3 14. Rxh3
Ng6 15. Bg3 f6 16. h5 Nf8 17. c5 Ba7 18. Bf4 Nd7 19. Rc1 g5 20. hxg6 hxg6 21.
Rxh8 Rxh8 22. Ke2 g5 23. Be3 Rh3 24. Nd2 Ne5 25. b4 Rh8 26. Nb3 b6 27. Bd4 bxc5
28. bxc5 Re8 29. Ke3 f5 30. Na5 fxe4 31. fxe4 Re6 32. Bxe5 Rxe5 33. Nxc6 Bxc5+
34. Kd3 Ba3 35. Rc3 Rc5 36. Rxa3 Rxc6 37. e5 Kd7 38. Kd4 Ke6 39. Rf3 Rb6 40.
Rf6+ Ke7 41. Rf5 Rg6 42. Kd5 c6+ 43. Ke4 g4 44. Kf4 c5 45. Rh5 Rg8 46. Rh7+ Ke6
47. Ke4 Rf8 48. Rh6+ Ke7 49. Ke3 Rf3+ 50. Ke2 Ra3 51. Rc6 Rxa2+ 52. Ke3 a5 53.
Rxc5 a4 54. Rc6 a3 55. Ra6 Ra1 56. Ke2 a2 57. Ra7+ Ke6 58. Ra6+ Kxe5 59. Ra5+
Kd6 60. Ra6+ Kc7 61. Ra3 Kb6 62. Rb3+ Kc5 63. Ra3 Kb4 64. Ra8 g3 65. Kf3 gxf2
0-1

[Event "4NCL Division 3s"]
[Site "Daventry Court ENG"]
[Date "2014.11.16"]
[Round "2.99"]
[White "Yiamakis, Albert"]
[Black "Cook, Michael"]
[Result "1/2-1/2"]
[WhiteElo "1873"]
[BlackElo "2018"]
[PlyCount "128"]
[EventDate "2014.11.16"]

1. b3 e5 2. Bb2 Nc6 3. e3 Nf6 4. Bb5 d6 5. d4 exd4 6. Qxd4 Be7 7. Nc3 Bd7 8.
Bxc6 Bxc6 9. Nf3 O-O 10. O-O-O Ne8 11. Nd5 Bxd5 12. Qxd5 c6 13. Qf5 Bf6 14.
Bxf6 Nxf6 15. g4 Re8 16. h4 Ne4 17. Ng5 Nf6 18. Nxf7 Kxf7 19. g5 Qd7 20. Qf4
Re4 21. Qf3 Qg4 22. Qxg4 Nxg4 23. f3 Nxe3 24. fxe4 Nxd1 25. Rxd1 Ke7 26. Rf1
Rf8 27. Rxf8 Kxf8 28. Kd2 Ke7 29. h5 Ke6 30. c4 Ke5 31. Ke3 a5 32. Kf3 g6 33.
h6 b6 34. Ke3 b5 35. cxb5 cxb5 36. a3 d5 37. exd5 Kxd5 38. a4 bxa4 39. bxa4 Ke5
40. Kd3 Kf5 41. Kc4 Kxg5 42. Kb5 Kxh6 43. Kxa5 g5 44. Kb5 g4 45. a5 g3 46. a6
g2 47. a7 g1=Q 48. a8=Q Qf1+ 49. Kc5 Qf5+ 50. Kd4 Kg5 51. Qg8+ Kh4 52. Qd8+ Kg3
53. Ke3 Qf3+ 54. Kd2 h5 55. Qg8+ Kh2 56. Ke1 Qe3+ 57. Kf1 Qf4+ 58. Ke1 h4 59.
Qa2+ Kh3 60. Qe6+ Kg3 61. Qb3+ Kh2 62. Qa2+ Kg1 63. Qa7+ Kg2 64. Qa2+ Kg3
1/2-1/2

[Event "4NCL Division 3s"]
[Site "Daventry Court ENG"]
[Date "2014.11.16"]
[Round "2.99"]
[White "Buckley, David E"]
[Black "Jones, Steven A"]
[Result "1-0"]
[WhiteElo "2281"]
[BlackElo "2114"]
[PlyCount "105"]
[EventDate "2014.11.16"]

1. d4 Nf6 2. c4 e6 3. Nc3 Bb4 4. Qc2 Nc6 5. Nf3 d6 6. Bd2 O-O 7. a3 Bxc3 8.
Bxc3 Qe7 9. g3 e5 10. d5 Nb8 11. Bg2 c6 12. Nd2 cxd5 13. cxd5 Nbd7 14. Nc4 b6
15. O-O Bb7 16. Ne3 g6 17. Rac1 b5 18. b4 a6 19. Qd3 Rac8 20. Rc2 Rc7 21. Rfc1
Rfc8 22. Bh3 Nh5 23. Ng2 f5 24. f3 Nb6 25. e4 Nf6 26. Bd2 Rxc2 27. Rxc2 Rxc2
28. Qxc2 Nc4 29. Bg5 Kg7 30. a4 Qc7 31. a5 h6 32. Bxf6+ Kxf6 33. exf5 g5 34.
Ne3 h5 35. Bf1 Qc8 36. Bxc4 bxc4 37. Qxc4 Qxc4 38. Nxc4 Bxd5 39. Nxd6 Bxf3 40.
Kf2 Bc6 41. Ke3 Bg2 42. Kd3 Bf1+ 43. Ke4 Bg2+ 44. Kd3 Bf1+ 45. Kc3 g4 46. Kd2
Bg2 47. b5 Ke7 48. Nc8+ Kd8 49. f6 Bd5 50. Nb6 Bb7 51. bxa6 Bxa6 52. Ke3 Bb7
53. Nc4 1-0

[Event "4NCL Division 3s"]
[Site "Daventry Court ENG"]
[Date "2014.11.16"]
[Round "2.99"]
[White "Shepherd, Paul D"]
[Black "Russell, Chris"]
[Result "0-1"]
[WhiteElo "2103"]
[BlackElo "2096"]
[PlyCount "60"]
[EventDate "2014.11.16"]

1. e4 e6 2. d4 d5 3. Nd2 Nf6 4. e5 Nfd7 5. Ngf3 c5 6. c3 b6 7. Bb5 Bb7 8. Qe2
Nc6 9. a3 Qc7 10. O-O Be7 11. Re1 g5 12. h3 O-O-O 13. Nf1 Rdg8 14. Be3 h5 15.
N3h2 Rg7 16. Bd3 Kb8 17. Ng3 g4 18. hxg4 hxg4 19. b4 c4 20. Bc2 f6 21. Nxg4 f5
22. Nh2 Bg5 23. Bxg5 Rxg5 24. Qe3 Rg7 25. Nhf1 Qd8 26. f4 Qh4 27. Bd1 Rhg8 28.
Kf2 Nf8 29. Qf3 Rg4 30. Ke3 Rxg3 0-1

[Event "4NCL Division 3s"]
[Site "Daventry Court ENG"]
[Date "2014.11.16"]
[Round "2.127"]
[White "Savory, Richard"]
[Black "Henderson, Ian R"]
[Result "1-0"]
[WhiteElo "2106"]
[BlackElo "2062"]
[PlyCount "151"]
[EventDate "2014.11.16"]
[WhiteTeam "Downend & Fishponds"]
[BlackTeam "Surbiton 1"]

1. e4 d5 2. exd5 Nf6 3. Bb5+ Bd7 4. Bc4 b5 5. Bb3 Bg4 6. Nf3 Nxd5 7. d4 e6 8.
h3 Bh5 9. Qe2 a6 10. Nc3 Bb4 11. Bd2 c6 12. g4 Bg6 13. h4 h5 14. Ne5 Bh7 15.
O-O-O Qd6 16. Bxd5 cxd5 17. Rh3 Nd7 18. Bf4 Nxe5 19. Bxe5 Qe7 20. Bxg7 Rg8 21.
Bf6 Qxf6 22. Nxd5 Qd8 23. Nxb4 Rxg4 24. Nxa6 Qb6 25. Qxb5+ Qxb5 26. Nc7+ Ke7
27. Nxb5 Rxa2 28. Kb1 Ra5 29. Nc3 Rf5 30. f3 Rgf4 31. Rd3 Rf6 32. Ne2 Bxd3 33.
Nxf4 Bxc2+ 34. Kxc2 Rxf4 35. Kd3 Kd6 36. Ke3 e5 37. dxe5+ Kxe5 38. Rh2 Rb4 39.
Re2 Rxh4 40. Kd3+ Kd5 41. Re7 Rf4 42. Ke3 Rf6 43. Rb7 Kc5 44. Ra7 Kb5 45. Ke4
h4 46. Ra1 Rc6 47. Rh1 Rc2 48. Kf5 Rxb2 49. Rxh4 Kc5 50. Re4 Kd6 51. Kf6 Kd5
52. Re5+ Kd6 53. f4 Rf2 54. f5 Rf1 55. Re2 Kd7 56. Re7+ Kd8 57. Re5 Kd7 58.
Kxf7 Kd6 59. Re6+ Kd7 60. f6 Rg1 61. Re2 Rd1 62. Kf8 Rf1 63. f7 Rf3 64. Re4 Rf1
65. Rd4+ Ke6 66. Re4+ Kd7 67. Re8 Rg1 68. Re7+ Kd8 69. Re4 Rf1 70. Rd4+ Kc7 71.
Ke7 Re1+ 72. Kf6 Rf1+ 73. Ke6 Kc8 74. Rd5 Rf2 75. Rf5 Re2+ 76. Kf6 1-0

[Event "4NCL Division 3s"]
[Site "Daventry Court ENG"]
[Date "2014.11.16"]
[Round "2.99"]
[White "Crombleholme, Alan K"]
[Black "Meadows, Mike"]
[Result "1/2-1/2"]
[WhiteElo "2110"]
[BlackElo "1818"]
[PlyCount "99"]
[EventDate "2014.11.16"]

1. d4 Nf6 2. c4 e6 3. Nf3 d5 4. Nc3 c6 5. e3 Be7 6. Bd3 Nbd7 7. O-O b6 8. Re1
Bb7 9. e4 dxe4 10. Nxe4 Nxe4 11. Bxe4 Nf6 12. Bc2 O-O 13. Qd3 g6 14. Bh6 Re8
15. Ne5 c5 16. Ba4 Rf8 17. Bxf8 Bxf8 18. dxc5 Bxc5 19. Qxd8+ Rxd8 20. Rad1 Rc8
21. Nd7 Be7 22. Rd4 Bc6 23. Bxc6 Rxc6 24. b3 Ne8 25. Ne5 Rc7 26. Red1 Nf6 27.
h3 Kg7 28. Ng4 a5 29. Nxf6 Kxf6 30. Kf1 Bc5 31. R4d3 Ke7 32. f4 Ra7 33. a4 Rc7
34. Ke2 h5 35. g4 hxg4 36. hxg4 Ra7 37. g5 Rc7 38. Kf3 Bb4 39. Ke4 Ba3 40. Rd8
Bc5 41. Rb8 Rd7 42. Rxd7+ Kxd7 43. Rb7+ Ke8 44. Ke5 Be3 45. Ke4 Bc5 46. Rc7 Bf2
47. Ke5 Be3 48. Rb7 Bc5 49. Rc7 Be3 50. Rb7 1/2-1/2

[Event "4NCL Division 3s"]
[Site "Daventry Court ENG"]
[Date "2014.11.16"]
[Round "2.99"]
[White "Humphreys, Jerry"]
[Black "Borrowdale, Graham E"]
[Result "1-0"]
[WhiteElo "2045"]
[BlackElo "1995"]
[PlyCount "81"]
[EventDate "2014.11.16"]

1. c4 Nf6 2. Nc3 c5 3. Nf3 e6 4. g3 d5 5. cxd5 exd5 6. d4 Nc6 7. Bg2 Be7 8. O-O
O-O 9. Bg5 cxd4 10. Nxd4 h6 11. Nxc6 bxc6 12. Bd2 Rb8 13. Qc2 Be6 14. b3 Qd7
15. Rfe1 Rfd8 16. Rad1 Bf5 17. e4 Bh3 18. Bh1 d4 19. Bf4 Rbc8 20. e5 Nh5 21.
Bc1 Bb4 22. Ne4 d3 23. Qc4 Bxe1 24. Rxe1 Qd4 25. Qxd4 Rxd4 26. Be3 Rdd8 27. Bf3
f5 28. Nd6 Bg4 29. Bxg4 fxg4 30. Nxc8 Rxc8 31. Rd1 Rd8 32. Bxa7 Kf7 33. Bb6 Rd5
34. a4 Rxe5 35. a5 Nf6 36. a6 Nd7 37. Bc7 Re2 38. b4 Ne5 39. a7 Nf3+ 40. Kg2
Ra2 41. Ba5 1-0

[Event "4NCL Division 3s"]
[Site "Daventry Court ENG"]
[Date "2014.11.16"]
[Round "2.99"]
[White "Kennedy, Craig"]
[Black "White, Martin"]
[Result "1-0"]
[WhiteElo "1930"]
[BlackElo "1834"]
[PlyCount "107"]
[EventDate "2014.11.16"]

1. e4 c5 2. Nc3 g6 3. f4 Bg7 4. Nf3 Nc6 5. Bb5 Nd4 6. O-O e6 7. a4 Ne7 8. d3
O-O 9. e5 d5 10. exd6 Qxd6 11. Ne4 Qc7 12. Bc4 b6 13. c3 Nxf3+ 14. Qxf3 Bd7 15.
Be3 a6 16. Bb3 Bc6 17. Qh3 Bd5 18. Bc2 Nf5 19. Bf2 c4 20. g4 Nd6 21. Nxd6 Qxd6
22. Qe3 b5 23. dxc4 bxc4 24. a5 Rab8 25. Ra2 Rb5 26. Qg3 Qc6 27. Ba4 Be4 28.
Bxb5 Qxb5 29. Qe3 Bd3 30. Rfa1 h5 31. h3 hxg4 32. hxg4 Rd8 33. Qf3 Qb3 34. Bb6
Rd5 35. Qg2 Bf8 36. Ra4 Bc2 37. Bd4 Bd6 38. Qh2 Rxd4 39. cxd4 Qd3 40. R4a3 Bxa3
41. Rxa3 Qxd4+ 42. Qf2 Qxb2 43. Rh3 Qa1+ 44. Kh2 Be4 45. Qd2 Bd5 46. f5 Qe5+
47. Rg3 exf5 48. gxf5 Qxf5 49. Rg5 Qxg5 50. Qxg5 Bc6 51. Qf6 Bb5 52. Kg3 Kf8
53. Kf4 Ke8 54. Ke5 1-0

[Event "4NCL Division 3s"]
[Site "Daventry Court ENG"]
[Date "2014.11.16"]
[Round "2.99"]
[White "Rutter, Nick"]
[Black "Bucknell, Malcolm"]
[Result "1/2-1/2"]
[WhiteElo "2167"]
[BlackElo "1935"]
[PlyCount "76"]
[EventDate "2014.11.16"]

1. e4 c6 2. d4 d5 3. exd5 cxd5 4. c4 Nf6 5. Nc3 Nc6 6. Nf3 Bg4 7. cxd5 Nxd5 8.
Qb3 Bxf3 9. gxf3 Nb6 10. d5 Nd4 11. Bb5+ Nxb5 12. Nxb5 Nd7 13. Bf4 Qa5+ 14. Bd2
Qb6 15. Rc1 Nc5 16. Qc4 a6 17. Nd4 e5 18. dxe6 fxe6 19. O-O e5 20. Rfe1 Qg6+
21. Kf1 Qd3+ 22. Re2 Be7 23. Bb4 Qxc4 24. Rxc4 Nd3 25. Bxe7 Kxe7 26. Rc3 Kf7
27. Nf5 Nf4 28. Rxe5 Kf6 29. Rce3 Rac8 30. Ng3 Rc1+ 31. Re1 Rxe1+ 32. Rxe1 Rd8
33. Rc1 g5 34. Ne2 Rd2 35. Nxf4 gxf4 36. Rc4 Ke5 37. Rb4 b5 38. Re4+ Kf5
1/2-1/2

[Event "4NCL Division 3s"]
[Site "Daventry Court ENG"]
[Date "2014.11.16"]
[Round "2.99"]
[White "Hall, Antony"]
[Black "Gostelow, Dave"]
[Result "1/2-1/2"]
[WhiteElo "1963"]
[BlackElo "2040"]
[PlyCount "53"]
[EventDate "2014.11.16"]

1. e4 c5 2. Nf3 Nc6 3. d4 cxd4 4. Nxd4 e5 5. Nxc6 bxc6 6. Bc4 Nf6 7. Bg5 Bc5 8.
Qf3 Be7 9. O-O O-O 10. Nc3 Ne8 11. Be3 Kh8 12. Qg3 f5 13. Qxe5 fxe4 14. Rad1 d5
15. Nxd5 Bd6 16. Nc3 Qc7 17. Qxe4 Bxh2+ 18. Kh1 Bf5 19. Qh4 Be5 20. Bd3 Rb8 21.
Bxf5 Rxf5 22. f4 Qf7 23. g4 Rf6 24. f5 Nd6 25. Bg5 Nxf5 26. gxf5 Rxf5 27. Qh3
1/2-1/2

[Event "4NCL Division 3s"]
[Site "Daventry Court ENG"]
[Date "2014.11.16"]
[Round "2.99"]
[White "Lewis, Christopher"]
[Black "Woodcock, Keith"]
[Result "1-0"]
[WhiteElo "1786"]
[BlackElo "1681"]
[PlyCount "39"]
[EventDate "2014.11.16"]

1. e4 c5 2. Nf3 g6 3. d4 Bg7 4. d5 d6 5. c3 Nf6 6. Bd3 O-O 7. Bg5 h6 8. Bf4
Nbd7 9. h4 Qb6 10. Qd2 Kh7 11. h5 Nxh5 12. Rxh5 gxh5 13. e5+ Kg8 14. Bxh6 f6
15. e6 Ne5 16. Nxe5 dxe5 17. Bf5 Kh8 18. Qe2 Bxh6 19. Qxh5 Kg7 20. Qg6+ 1-0

[Event "4NCL Division 3s"]
[Site "Daventry Court ENG"]
[Date "2014.11.16"]
[Round "2.99"]
[White "Sheerin, Alex"]
[Black "Tarr, Steve"]
[Result "0-1"]
[WhiteElo "1626"]
[BlackElo "1733"]
[PlyCount "72"]
[EventDate "2014.11.16"]

1. e4 c5 2. Nf3 d6 3. d4 cxd4 4. Nxd4 Nf6 5. Nc3 g6 6. Be3 Bg7 7. Be2 O-O 8.
Qd2 Nc6 9. O-O-O Nxd4 10. Bxd4 Be6 11. Kb1 Qa5 12. f4 Nxe4 13. Qe3 Nxc3+ 14.
Qxc3 Qxa2+ 15. Kc1 Bxd4 16. Qxd4 Rfc8 17. Bd3 Qa1+ 18. Kd2 Qa5+ 19. Kc1 Bf5 20.
h4 Bxd3 21. Qxd3 Qa1+ 22. Kd2 Qxb2 23. Rb1 Qf6 24. g3 Rc7 25. h5 Rac8 26. h6
Rc3 27. Qe4 R3c4 28. Qe3 Rxc2+ 29. Kd1 b6 30. Qd3 R2c4 31. Qe3 d5 32. Qf2 Qf5
33. Qb2 Qd3+ 34. Qd2 Qxb1+ 35. Ke2 Qe4+ 36. Qe3 Rc2+ 0-1

[Event "4NCL Division 3s"]
[Site "Daventry Court ENG"]
[Date "2014.11.16"]
[Round "2.99"]
[White "Pink, Joshua"]
[Black "Hall, John"]
[Result "1/2-1/2"]
[WhiteElo "1841"]
[BlackElo "2264"]
[PlyCount "71"]
[EventDate "2014.11.16"]

1. e4 c5 2. Nf3 d6 3. Bb5+ Nc6 4. O-O Bd7 5. Re1 Nf6 6. Nc3 e5 7. Nd5 a6 8. Bf1
Bg4 9. c3 Be7 10. Ne3 Bh5 11. Nf5 O-O 12. Ng3 Bg4 13. h3 Be6 14. d4 cxd4 15.
cxd4 exd4 16. Nxd4 Nxd4 17. Qxd4 Rc8 18. Bf4 d5 19. e5 Bc5 20. Qd2 Nd7 21. Bd3
Qb6 22. Qe2 g6 23. h4 Bd4 24. Rab1 Nc5 25. Bc2 Ne4 26. Bxe4 dxe4 27. Nxe4 Bxa2
28. Nf6+ Kh8 29. Nd7 Qb4 30. Nxf8 Bxb1 31. Rxb1 Qxf8 32. e6 fxe6 33. Be5+ Bxe5
34. Qxe5+ Qg7 35. Qxe6 Rf8 36. Qe3 1/2-1/2

[Event "4NCL Division 3s"]
[Site "Daventry Court ENG"]
[Date "2014.11.16"]
[Round "2.99"]
[White "Deighton, Simon"]
[Black "Ireland, David J"]
[Result "1/2-1/2"]
[WhiteElo "2029"]
[BlackElo "1899"]
[PlyCount "58"]
[EventDate "2014.11.16"]

1. d4 Nf6 2. c4 c5 3. d5 b5 4. cxb5 a6 5. e3 g6 6. Nc3 Bg7 7. Nf3 O-O 8. a4 d6
9. e4 Nbd7 10. Bd2 Re8 11. Be2 e6 12. O-O exd5 13. exd5 Bb7 14. Bg5 h6 15. Bh4
Qa5 16. Bg3 Qb4 17. bxa6 Bxa6 18. Bxa6 Rxa6 19. Nb5 Rb8 20. Nc7 Ra5 21. Bxd6
Ne4 22. Nb5 Raxb5 23. axb5 Nxd6 24. Ra7 Qxb5 25. b3 Rb7 26. Rxb7 Qxb7 27. Qd3
Ne5 28. Nxe5 Bxe5 29. Re1 Bd4 1/2-1/2

[Event "4NCL Division 3s"]
[Site "Daventry Court ENG"]
[Date "2014.11.16"]
[Round "2.99"]
[White "Leung, Simon"]
[Black "Mossong, Hubert"]
[Result "0-1"]
[WhiteElo "1664"]
[BlackElo "2094"]
[PlyCount "55"]
[EventDate "2014.11.16"]

1. e4 c5 2. Nf3 Nc6 3. Bb5 g6 4. Bxc6 dxc6 5. d3 Bg7 6. h3 e5 7. Nc3 Qe7 8. Be3
Nf6 9. Qd2 O-O 10. Bh6 Nh5 11. Ne2 f6 12. g4 Bxh6 13. Qxh6 Ng7 14. Nh4 Be6 15.
Ng3 c4 16. O-O cxd3 17. cxd3 Rad8 18. Qe3 f5 19. exf5 Qxh4 20. fxe6 Nxe6 21.
Ne2 Ng5 22. Qg3 Nf3+ 23. Kg2 Qg5 24. Rad1 Nh4+ 25. Kh2 Rf3 26. Qg1 Rfxd3 27.
Rxd3 Rxd3 28. Qg2 0-1

[Event "4NCL Division 3s"]
[Site "Daventry Court ENG"]
[Date "2014.11.16"]
[Round "2.99"]
[White "Harris, John"]
[Black "Bourne, Iain"]
[Result "0-1"]
[WhiteElo "1437"]
[BlackElo "1918"]
[PlyCount "62"]
[EventDate "2014.11.16"]

1. e4 c5 2. d4 cxd4 3. c3 g6 4. Qxd4 Nf6 5. Bb5 a6 6. e5 Ng8 7. e6 Nf6 8. exf7+
Kxf7 9. Bc4+ d5 10. Bb3 Nc6 11. Qd1 e5 12. Bg5 Be6 13. Nf3 Bg7 14. O-O Qd6 15.
Nbd2 Rhf8 16. Re1 Kg8 17. Nc4 Qc7 18. Ncxe5 Rae8 19. Nxc6 bxc6 20. Nd4 Ng4 21.
f4 Bc8 22. Qd2 Bxd4+ 23. Qxd4 h6 24. Rxe8 Rxe8 25. Bf6 Re4 26. Bxd5+ cxd5 27.
Qxd5+ Re6 28. Bd4 Qf7 29. Qc5 Bb7 30. h3 Qxf4 31. Qc4 Qh2+ 0-1

[Event "4NCL Division 3s"]
[Site "Daventry Court ENG"]
[Date "2014.11.16"]
[Round "2.99"]
[White "Wojciechowski, Paul"]
[Black "Sweatman, Paul"]
[Result "1-0"]
[WhiteElo "2025"]
[BlackElo "1505"]
[PlyCount "79"]
[EventDate "2014.11.16"]

1. e4 e5 2. Nc3 Nf6 3. Bc4 d6 4. f4 Nbd7 5. Nf3 h6 6. O-O Be7 7. d4 O-O 8. Qe1
exd4 9. Nxd4 Nb6 10. Bb3 Nh7 11. Qg3 Bf6 12. Be3 Bh4 13. Qf3 Bf6 14. Rad1 Qe7
15. a4 a6 16. a5 Bxd4 17. Bxd4 Nd7 18. Nd5 Qd8 19. Qc3 Ndf6 20. Nxc7 Bg4 21.
Nxa8 Bxd1 22. Rxd1 Qxa8 23. Qg3 Qd8 24. Bc3 Qe7 25. Re1 Rd8 26. Bd4 Qd7 27. Bd5
Qa4 28. Bc3 Qd7 29. b3 Qe7 30. Bb2 Rc8 31. c4 Qd7 32. Re3 Qe7 33. Ba3 Nxd5 34.
exd5 Qf6 35. Bb4 Nf8 36. Bc3 Qg6 37. Qe1 h5 38. Rg3 Qf5 39. Rxg7+ Kh8 40. Rxf7+
1-0

[Event "4NCL Division 3s"]
[Site "Daventry Court ENG"]
[Date "2014.11.16"]
[Round "2.99"]
[White "Jones, Christopher M"]
[Black "James, Angus S"]
[Result "1/2-1/2"]
[WhiteElo "2074"]
[BlackElo "1950"]
[PlyCount "63"]
[EventDate "2014.11.16"]

1. e4 c5 2. Nc3 a6 3. g3 b5 4. Bg2 Bb7 5. d3 e6 6. Nge2 b4 7. Nb1 d5 8. O-O
dxe4 9. dxe4 Qxd1 10. Rxd1 Nc6 11. Be3 Nf6 12. h3 Be7 13. Nd2 O-O 14. Nb3 c4
15. Nd2 c3 16. bxc3 bxc3 17. Nxc3 Nb4 18. e5 Bxg2 19. Kxg2 Nfd5 20. Nxd5 Nxd5
21. Bd4 Rfd8 22. Ne4 Rac8 23. c3 f5 24. exf6 gxf6 25. Rac1 e5 26. Ba7 Rc4 27.
Bc5 Kf7 28. Bxe7 Kxe7 29. Re1 Rdc8 30. f4 Nxc3 31. Nxc3 Rxc3 32. Rxc3 1/2-1/2

[Event "4NCL Division 3s"]
[Site "Daventry Court ENG"]
[Date "2014.11.16"]
[Round "2.99"]
[White "Fenwick, Hugh F"]
[Black "Piper, Stephen J"]
[Result "1/2-1/2"]
[WhiteElo "1867"]
[BlackElo "2048"]
[PlyCount "46"]
[EventDate "2014.11.16"]

1. e4 g6 2. d4 Bg7 3. Nc3 d5 4. Be3 dxe4 5. Nxe4 Nf6 6. Bd3 Nc6 7. c3 O-O 8.
Nxf6+ Bxf6 9. Be4 Qd6 10. Qf3 Na5 11. Ne2 Nc4 12. Bh6 Re8 13. b3 Na5 14. O-O
Nc6 15. Rad1 e5 16. Bxc6 Qxc6 17. Qxc6 bxc6 18. Rfe1 Ba6 19. Be3 Rad8 20. dxe5
Rxd1 21. Rxd1 Bxe2 22. Rd2 Bxe5 23. Rxe2 Bxc3 1/2-1/2

[Event "4NCL Division 3s"]
[Site "Daventry Court ENG"]
[Date "2014.11.16"]
[Round "2.99"]
[White "Gibson, Christopher A"]
[Black "Alcock, Graham P"]
[Result "1/2-1/2"]
[WhiteElo "2004"]
[BlackElo "1677"]
[PlyCount "67"]
[EventDate "2014.11.16"]

1. d4 Nf6 2. c4 c5 3. d5 b5 4. cxb5 a6 5. bxa6 Bxa6 6. Nc3 d6 7. g3 g6 8. Bg2
Bg7 9. Nf3 O-O 10. O-O Nbd7 11. Qc2 Bc4 12. Nd2 Ba6 13. Rd1 Qb6 14. h3 Ne5 15.
Rb1 Rfb8 16. b3 Qa5 17. a3 Ne8 18. Bb2 Nc7 19. f4 Nd7 20. e4 Nb5 21. Nc4 Qc7
22. Ne2 Bxb2 23. Rxb2 Nxa3 24. Nxa3 Bxe2 25. Qxe2 Rxa3 26. Rdb1 Rb4 27. Kh2 Qb7
28. Qc2 Nf6 29. g4 Qb8 30. g5 Nh5 31. f5 Ng7 32. Bf1 Qc8 33. Bd3 Qb7 34. Bc4
1/2-1/2

[Event "4NCL Division 3s"]
[Site "Daventry Court ENG"]
[Date "2014.11.16"]
[Round "2.99"]
[White "Durrant, Paul EO"]
[Black "Compton, Alistair"]
[Result "0-1"]
[WhiteElo "1490"]
[BlackElo "2071"]
[PlyCount "66"]
[EventDate "2014.11.16"]

1. e4 e6 2. d4 d5 3. e5 c5 4. c3 Nc6 5. Nf3 Bd7 6. Be2 Nge7 7. O-O Nf5 8. Na3
cxd4 9. cxd4 Rc8 10. Nc2 Qb6 11. g4 Nh6 12. Ne3 Be7 13. h3 Ng8 14. b3 f6 15.
Bb2 fxe5 16. dxe5 Bc5 17. Ng2 Nge7 18. Nf4 O-O 19. Nd3 Ng6 20. Nxc5 Qxc5 21.
Rc1 Qe7 22. Qd2 Nf4 23. Kh2 Be8 24. Bd1 Bg6 25. Bd4 Nxd4 26. Rxc8 Nxf3+ 27.
Bxf3 Rxc8 28. Qxf4 Qc5 29. b4 Qc2 30. a3 Bd3 31. Bd1 Qb2 32. Ba4 Rf8 33. Qc1
Qxe5+ 0-1